Statistiken für Die 10 größten Länder Afrikas nach Fläche

Klicken Sie hier um das Quiz zu spielen!

Allgemein

  • Dieses Quiz wurde 506 mal gespielt
  • Das Durchschnittsergebnis liegt bei 9 aus 10

Antwortstatistiken

RanglisteFläche in km² ca.Länder% Korrekt
1.2.382 MIllionenAlgerien
98%
2.2.345 MillionenDemokratische Republik Kongo
97%
6.1.267 MillionenNiger
92%
9.1.220 MillionenSüdafrika
92%
3.1.886 MillionenSudan
91%
8.1.240 MIllionenMali
90%
5.1.284 MillionenTschad
90%
4.1.775 MillionenLibyen
88%
7.1.247 MillionenAngola
81%
10.1.104 MillionenÄthiopien
80%

Verteilung der Resultate

Perzentil nach korrekt beantworteten Fragen

Anzahl Personen mit jedem Resultat

Ihre Resultats-Entwicklung

Sie haben dieses Quiz noch nicht gespielt